000 00771nmm a2200253 a 4500
001 ocm000780054
003 TR-IsHL
005 20201028153127.0
008 140311s2013 tu tur
007 cr cn
020 _a9786055205522
035 _a780054
_b(N$T)
050 0 4 _aPL240
_b.S46 2013
090 0 4 _aPL240
_b.S46 2013
245 1 0 _aSeni seviyorum aşk
_h[electronic resource]
260 _aİstanbul :
_bAraf Yayınları,
_c2013
300 _a212 p.
650 4 _aDil ve Edebiyat
650 4 _aLanguage and Literature
650 0 _aTürk denemeleri
650 0 _aTurkish essays
650 7 _aLITERARY COLLECTIONS / Middle Eastern
_2bisacsh
856 4 0 _uhttp://search.ebscohost.com/login.aspx?direct=true&scope=site&db=e011xww&AN=780054
999 _c11886
_d11886